2025 Formula 1 Drivers - Statistics

General Stats
  • This quiz has been taken 21 times
  • The average score is 14 of 20
Answer Stats
Hint Answer % Correct
Ferrari Charles Leclerc
88%
Haas Esteban Ocon
88%
Ferrari Lewis Hamilton
88%
Alpine Pierre Gasly
88%
Aston Martin Fernando Alonso
82%
Aston Martin Lance Stroll
82%
McLaren Oscar Piastri
82%
Williams Carlos Sainz
76%
McLaren Lando Norris
76%
Red Bull Max Verstappen
76%
Williams Alexander Albon
71%
Sauber Nico Hulkenberg
71%
Racing Bulls Yuki Tsunoda
71%
Mercedes George Russell
65%
Red Bull Liam Lawson
59%
Haas Oliver Bearman
53%
Alpine Jack Doohan
47%
Mercedes Andrea Kimi Antonelli
41%
Sauber Gabriel Bortoleto
35%
Racing Bulls Isack Hadjar
35%
No matching quizzes found
Score Distribution
Percent of People with Each Score
Percentile by Number Answered
Your Score History
You have not taken this quiz